| 000 | 00590ntaaa2200217 4500 | ||
|---|---|---|---|
| 003 | 01 | ||
| 005 | 20251027203049.0 | ||
| 008 | 0714s1973 ag 01 | ||
| 040 |
_aAR-BaBN _bspa _cAR-BaBN _eaacr _dRIC |
||
| 082 | _a770.0000 G88b | ||
| 100 |
_aGrimm, Tom _931887 |
||
| 245 | _aThe basic book of photography | ||
| 250 | _arev ed. | ||
| 260 |
_aNew York : _bNew American Library, _c1979 |
||
| 300 |
_axvi, 350 p ; _cils, fts.; 23 cm |
||
| 650 |
_aFotografía _931888 |
||
| 700 |
_aGrimm, Tom _931887 |
||
| 700 |
_aGrimm, Michele _931889 |
||
| 700 |
_aGarcía, Ezelda _931890 |
||
| 942 | _cBK | ||
| 999 |
_c26030 _d26030 |
||